The American historical novel

Guardat en:
Dades bibliogràfiques
Autor principal: E E Leisy
Format: Llibre
Idioma:Undetermined
Publicat: Norman Univ. of Oklahoma 1950
Matèries:
Etiquetes: Afegir etiqueta
Sense etiquetes, Sigues el primer a etiquetar aquest registre!
Thư viện lưu trữ: Trung tâm Học liệu Trường Đại học Cần Thơ
LEADER 00463nam a2200169Ia 4500
001 CTU_13640
008 210402s9999 xx 000 0 und d
082 |a 809.3081 
082 |b L352 
100 |a E E Leisy 
245 4 |a The American historical novel 
245 0 |c E E Leisy 
260 |a Norman 
260 |b Univ. of Oklahoma 
260 |c 1950 
650 |a american fiction - history and criticism 
980 |a Trung tâm Học liệu Trường Đại học Cần Thơ